| 000 | 01747cam a22005174i 4500 | ||
|---|---|---|---|
| 003 | PE-LiUPU | ||
| 005 | 20250731180140.0 | ||
| 008 | 150706s r 000 0 d | ||
| 020 | _a9972806650 | ||
| 035 | _a(Sirsi) i9789972806650 | ||
| 040 |
_aPE-LiUPU _bspa _cPE-LiUPU _erda |
||
| 049 | _aPRUA | ||
| 082 | 0 | 4 |
_a510 _bG25 _221 |
| 100 | 1 |
_aGarcía Sócola, Jaime, _eautor. |
|
| 245 | 1 | 0 |
_aMatemáticas I / _cJaime García Sócola. |
| 264 | 1 |
_aLima : _bUniversidad Peruana Cayetano Heredia, _c2009. |
|
| 300 |
_a216 páginas ; _c24 centímetros |
||
| 336 |
_atext _2rdacontent |
||
| 337 |
_aunmediated _2rdamedia |
||
| 338 |
_avolume _2rdacarrier |
||
| 505 | 0 | _aLos números reales y las operaciones básicas -- Funciones -- Límite de una función -- La derivada -- Concepto e interpretación geométrica -- Valores extremos. | |
| 526 | _aSEG44 | ||
| 526 | _aSEG26 | ||
| 526 | _aP159 | ||
| 526 | _aP155 | ||
| 526 | _aP154 | ||
| 526 | _aP153 | ||
| 526 | _aP150 | ||
| 526 | _aP100 | ||
| 526 | _aP31 | ||
| 526 | _aP30 | ||
| 526 | _aP26 | ||
| 526 | _aP25 | ||
| 526 | _aP24 | ||
| 526 | _aP22 | ||
| 526 | _aP15 | ||
| 526 | _aP10 | ||
| 541 | _g003-001055; | ||
| 650 | 0 | 4 |
_aMatemáticas. _9187 |
| 910 | _agl20090805 | ||
| 942 |
_2ddc _cBOOK |
||
| 949 |
_a510 G25 _wDEWEY _c1 _i59866 _lCCODEBUL1 _mBUL _p22.00 _r0 _sY _tBOOK _u2015-7-6 _xFCE _PP27 _o.STAFF. Colección General |
||
| 994 |
_aC0 _bPEPRU |
||
| 596 | _a1 | ||
| 999 |
_a510 G25 _wDEWEY _c49398 _i59866 _d49398 _e2018-9-12 _f2021-11-5 _g6 _lCCODEBUL1 _mBUL _n5 _p22.00 _r0 _sN _tBOOK _u2015-7-6 _xBIBLIOTECA _PP27 _0COMPRA _o.STAFF. Colección General |
||
| 980 |
_81 _gALBERTO SANCHEZ Responsable de Automatización |
||